<?xml version="1.0" encoding="UTF-8"?>
<marc:record xmlns:marc="http://www.loc.gov/MARC21/slim">
   <marc:leader>00000nam a2200000 a 4500</marc:leader>
   <marc:datafield ind1="1" ind2=" " tag="100">
      <marc:subfield code="a">Kordon, Klaus</marc:subfield>
      <marc:subfield code="4">aut</marc:subfield>
      <marc:subfield code="e">Verfasser/-in</marc:subfield>
   </marc:datafield>
   <marc:datafield ind1=" " ind2=" " tag="653">
      <marc:subfield code="a">Novemberrevolution</marc:subfield>
   </marc:datafield>
   <marc:datafield ind1=" " ind2=" " tag="653">
      <marc:subfield code="a">Arbeiterfamilie</marc:subfield>
   </marc:datafield>
   <marc:datafield ind1=" " ind2=" " tag="653">
      <marc:subfield code="a">Jugendbuch / Romane</marc:subfield>
   </marc:datafield>
   <marc:datafield ind1=" " ind2=" " tag="653">
      <marc:subfield code="a">Erzählungen</marc:subfield>
   </marc:datafield>
   <marc:datafield ind1=" " ind2=" " tag="653">
      <marc:subfield code="a">Jugendbuch</marc:subfield>
   </marc:datafield>
   <marc:datafield ind1="0" ind2="0" tag="245">
      <marc:subfield code="a">Die roten Matrosen oder ein vergessener Winter</marc:subfield>
   </marc:datafield>
   <marc:datafield ind1="0" ind2="0" tag="245">
      <marc:subfield code="b">Roman</marc:subfield>
   </marc:datafield>
   <marc:datafield ind1="0" ind2="0" tag="245">
      <marc:subfield code="c">Klaus Kordon. Mit einem Nachw. des Autors</marc:subfield>
   </marc:datafield>
   <marc:datafield ind1=" " ind2="1" tag="264">
      <marc:subfield code="a">Weinheim</marc:subfield>
      <marc:subfield code="b">Beltz und Gelberg</marc:subfield>
      <marc:subfield code="c">2003</marc:subfield>
   </marc:datafield>
   <marc:datafield ind1="1" ind2=" " tag="490">
      <marc:subfield code="a">Trilogie der Wendepunkte</marc:subfield>
      <marc:subfield code="v">Teil 1</marc:subfield>
   </marc:datafield>
   <marc:datafield ind1="1" ind2=" " tag="520">
      <marc:subfield code="a">*Der erste Band der&gt;Trilogie der Wendepunkte&lt; Eine ganze Mietskaserne, die Ackerstraße 37, im Berliner Wedding wird lebendig, mit ihren Sorgen und Nöten, aber auch mit ihrem Hoffen, ihrem Zusammenhalt. November 1918: Nach vier Jahren Weltkrieg verweigern die Matrosen der kaiserlichen Marine in Kiel den Befehl zum Auslaufen und kommen nach Berlin. Helle und Fritz freunden sich mit den meuternden Matrosen an, erleben die Revolution mit, den Sieg, die Niederlage. Eine ganze Mietskaserne in Berlins ärmster Gegend wird lebendig. Zürcher Jugendbuchpreis &gt;La vache qui lit&lt; Preis der Leseratten des ZDF und andere Auszeichnungen &gt;Dieser Roman, eine besondere Art der Geschichtsschreibung von unten, ist ein Glücksfall: Kordon verkündet keine Thesen, sondern beschreibt Menschen, ihre Gedanken und Gefühle, witzig, nachdenklich, einfach, aber nicht vereinfachend.&lt;Anne Linsel, DIE ZEIT</marc:subfield>
   </marc:datafield>
   <marc:datafield ind1=" " ind2=" " tag="020">
      <marc:subfield code="a">9783407789211</marc:subfield>
      <marc:subfield code="9">9783407789211</marc:subfield>
   </marc:datafield>
   <marc:datafield ind1=" " ind2=" " tag="020">
      <marc:subfield code="a">3407789211</marc:subfield>
      <marc:subfield code="9">3407789211</marc:subfield>
   </marc:datafield>
   <marc:datafield ind1=" " ind2=" " tag="041">
      <marc:subfield code="a">ger</marc:subfield>
   </marc:datafield>
   <marc:datafield ind1=" " ind2=" " tag="300">
      <marc:subfield code="a">470 S.</marc:subfield>
   </marc:datafield>
</marc:record>
